Przystanki tramwajowe w Gdańsku - Statystyki

Ogólne statystyki
  • Ten quiz został rozwiązany 270 razy
  • Średni wynik to 54 z 132
Statystyki odpowiedzi
Przystanek % Poprawnych
Brama Wyżynna
84%
Opera Bałtycka
82%
Dworzec Główny
81%
Jelitkowo
79%
Oliwa
79%
Galeria Bałtycka
78%
Strzyża PKM
78%
Stogi
77%
Łostowice Świętokrzyska
73%
Brama Oliwska
72%
Zaspa
72%
Ujeścisko
71%
Miszewskiego
67%
Jaśkowa Dolina
66%
Lawendowe Wzgórze
66%
Politechnika
66%
Śródmieście SKM
64%
Traugutta
62%
Uniwersytet Medyczny
62%
Hucisko
61%
Mickiewicza
61%
Stogi Plaża
60%
Wojska Polskiego
60%
Uniwersytet Gdański
59%
Klonowa
58%
Siedlce
57%
Zajezdnia
56%
Brzeźno Dom Zdrojowy
55%
Akademia Muzyczna
54%
Brętowo PKM
54%
Żabi Kruk
52%
Reja
51%
Stocznia SKM
50%
Bora-Komorowskiego
49%
Chodowieckiego
49%
Kołobrzeska
49%
Plac Solidarności
48%
Pohulanka
48%
Pomorska
47%
Przeróbka
47%
Sikorskiego
47%
Zamenhofa
47%
Bażyńskiego
46%
Chałubińskiego
46%
Jana Pawła II
45%
Nowy Port Zajezdnia
45%
Obrońców Westerplatte
45%
Płocka
45%
Czerwony Dwór
44%
Okopowa
44%
Wilanowska
44%
Warneńska
43%
Brama Żuławska
42%
Chełm Witosa
42%
Odrzańska
42%
Przemyska
42%
Żwirki i Wigury
42%
Piekarnicza
41%
Startowa
41%
Tetmajera
41%
Wyspiańskiego
41%
Bajana
40%
Migowo
40%
Chmielna
39%
Plac Komorowskiego
39%
Stocznia Północna
39%
Belgradzka
38%
Dworzec PKS
38%
Opacka
38%
Osiedle Wejhera
38%
Powstańców Warszawskich
38%
Twarda
38%
Zakopiańska
38%
Legionów
37%
Nowy Port Oliwska
37%
Węzeł Kliniczna
37%
Budapesztańska
36%
Helska
36%
Łódzka
36%
Cebertowicza
34%
Cieszyńskiego
34%
Głęboka
34%
Piotrkowska
34%
Subisława
33%
Derdowskiego
32%
Piastowska
32%
Politechnika SKM
32%
Pomorska Osiedle
32%
Zimna
31%
Urząd Miejski
30%
Ciasna
29%
Paska
29%
Ugory eMOCja
29%
Węzeł Groddecka
29%
Częstochowska
28%
Gdańska
27%
Kolonia Uroda
27%
Kolumba
27%
Latarnia Morska
27%
Lenartowicza
26%
Nowe Ogrody
26%
Kościuszki
25%
Gospody
24%
Łabędzia
24%
Zabornia
24%
Żaglowa AmberExpo
24%
Grudziądzka
23%
Marynarki Polskiej
23%
Skrajna
23%
Stolema
23%
Sucharskiego
23%
Swojska
23%
Uczniowska
23%
al. Płażyńskiego
22%
Królewskie Wzgórze
22%
Mostostal
22%
Polsat Plus Arena Gdańsk
22%
Wczasy
22%
Na Zaspę
21%
Plac Wolności
20%
Kaczeńce
19%
Władysława IV
19%
Dworska
18%
Krasickiego
18%
Śnieżna
18%
Mazurska
16%
Nowy Port Góreckiego
16%
Sternicza
16%
Przychodnia
15%
Kasztanowa
14%
Rybołowców
14%
Rozłogi
13%
Nie znaleziono quizów pasujących do podanych kryteriów
Rozkład punktacji
Procent ludzi z każdym wynikiem
Percentyl według liczby udzielonych odpowiedzi
Twoja historia wyników
Nie rozwiązałeś tego quizu